Principles of operating systems / (Record no. 101893)

MARC details
000 -LEADER
fixed length control field 01012nam a22002417a 4500
005 - DATE AND TIME OF LATEST TRANSACTION
control field 20170809164853.0
010 ## - LCCN (DPL NO)
LC control number 1617EN ENG-116962
020 ## - INTERNATIONAL STANDARD BOOK NUMBER
International Standard Book Number 9780198082873
Terms of availability 595.00
035 ## - SYSTEM CONTROL NUMBER
System control number B-651527-534
035 ## - SYSTEM CONTROL NUMBER
System control number B-669809
035 ## - SYSTEM CONTROL NUMBER
System control number EN-100494
037 ## - SOURCE OF ACQUISITION
Source of stock number/acquisition Pragati
Stock number dpl
037 ## - SOURCE OF ACQUISITION
Source of stock number/acquisition DBAD/PUB
082 ## - DEWEY DECIMAL CLASSIFICATION NUMBER
Classification number 005.43
100 ## - MAIN ENTRY--PERSONAL NAME
Personal name Chauhan, Naresh
245 ## - TITLE STATEMENT
Title Principles of operating systems /
Statement of responsibility, etc by Naresh Chauhan
260 ## - PUBLICATION, DISTRIBUTION, ETC. (IMPRINT)
Date of publication, distribution, etc 2015 (rp)
Place of publication, distribution, etc New Delhi
Name of publisher, distributor, etc Oxford University Press
270 ## - ADDRESS
Address YMCA Library Building, 1, Jai Singh Road,
City New Delhi
Postal code 110001.
300 ## - PHYSICAL DESCRIPTION
Dimensions 24cm(pbk)
Extent xviii,669p.
Other physical details ill.
942 ## - ADDED ENTRY ELEMENTS (KOHA)
Item type English Books
Source of classification or shelving scheme Dewey Decimal Classification
Classification part 005.43
Call number suffix CHA
Holdings
Withdrawn status Lost status Not for loan Collection code Home library Current library Date acquired Source of acquisition Cost, normal purchase price Full call number Barcode Copy number Cost, replacement price Koha item type
      Non-fiction Ashok Vihar Ashok Vihar 09/08/2017 BPPD/EN/2016-17/AV/2016-17/466/15.02.2017/Pragati/602/03.03.2017/24.03.17 595.00 005.43 CHA B-669809 1 595.00 English Books
    Not For Loan Non-fiction D.B.Act.Division Bawana 28/12/2016 DBAD/PUB 595.00 005.43 CHA EN-100494 1 595.00 English Books
      Non-fiction Central Jail Tihar Central Jail Tihar 09/02/2017 BPPD/EN/2016-17/300/24.11.2016/IN339/02.12.2016/4.01.17 595.00 005.43 CHA B-651532 1 595.00 English Books
      Non-fiction Central Library Central Library 09/02/2017 BPPD/EN/2016-17/300/24.11.2016/IN339/02.12.2016/4.01.17 595.00 005.43 CHA B-651527 1 595.00 English Books
      Non-fiction Janak Puri Janak Puri 09/02/2017 BPPD/EN/2016-17/300/24.11.2016/IN339/02.12.2016/4.01.17 595.00 005.43 CHA B-651533 1 595.00 English Books
      Non-fiction Kasturba Gandhi Marg Kasturba Gandhi Marg 09/02/2017 BPPD/EN/2016-17/300/24.11.2016/IN339/02.12.2016/4.01.17 595.00 005.43 CHA B-651529 1 595.00 English Books
      Non-fiction Patel Nagar Patel Nagar 09/02/2017 BPPD/EN/2016-17/300/24.11.2016/IN339/02.12.2016/4.01.17 595.00 005.43 CHA B-651528 1 595.00 English Books
      Non-fiction Peshwa Road Peshwa Road 09/02/2017 BPPD/EN/2016-17/300/24.11.2016/IN339/02.12.2016/4.01.17 595.00 005.43 CHA B-651530 1 595.00 English Books
      Non-fiction Sarojini Nagar Sarojini Nagar 09/02/2017 BPPD/EN/2016-17/300/24.11.2016/IN339/02.12.2016/4.01.17 595.00 005.43 CHA B-651534 1 595.00 English Books
      Non-fiction Tri Nagar Tri Nagar 09/02/2017 BPPD/EN/2016-17/300/24.11.2016/IN339/02.12.2016/4.01.17 595.00 005.43 CHA B-651531 1 595.00 English Books

© Delhi Public Library
Hit Counter
free hit counter